000 00971nam a22002417a 4500
008 240620b mp ||||| |||| 00| 0 mon d
020 _a978-99973-1-819-0
035 _a21816
040 _aUM0146080
_bmon
_cMN-UlNLM
_dMN-UlNLM
_erda
041 _amon
042 _a82614
084 _2NNA
_a84(5Энэт)
_bЧ207
100 _aЧандар К.
245 0 _aУруугаа ургасан мод
264 _aУлаанбаатар
_bМон судар ХГ
300 _a151х.
336 _2rdacontent
_atext
_btxt
337 _2rdamedia
_aunmediated
_bn
338 _2rdacarrier
_avolume
_bnc
650 _aЗохиолч номынхоо талаар, эхний удаа уншихад та энгийн нэгэн шидэт түүхийг олж харах ба хоёр дахиа уншвал тэрхүү үлгэрчилсэн зохи...
942 _2NNA
_cBK
999 _c1055497
_d1055554